[Event "DEN-ch"]
[Site "?"]
[Date "1988.??.??"]
[Round "11"]
[White "Kristiansen, Jens"]
[Black "Kristensen, Bjarke"]
[Result "0-1"]
[WhiteElo "2435"]
[BlackElo "2300"]

1.Nf3 Nf6 2.d4 d5 3.c4 c6 4.Qc2 g6 5.Nc3 Bg7 6.Bf4 O-O 7.e3 Na6 8.a3 c5 9.Qb3 cxd4
10.exd4 Nc7 11.c5 Bg4 12.Be2 Ne6 13.Be3 b6 14.cxb6 Rb8 15.O-O Rxb6 16.Qa2 Qb8
17.b4 Nf4 18.Bxf4 Qxf4 19.g3 Qf5 20.Ne5 Bh3 21.Bd3 Qh5 22.Rfe1 e6 23.f3 Nd7
24.f4 Nxe5 25.dxe5 f6 26.Be2 Qf5 27.exf6 Qxf6 28.Rac1 Qd4+ 29.Kh1 Rc6 30.Red1 Qe3  0-1

[Event "Dordrecht"]
[Site "Dordrecht"]
[Date "1988.??.??"]
[Round "?"]
[White "Winants, Luc"]
[Black "Piket, Jeroen"]
[Result "1/2-1/2"]
[WhiteElo "2465"]
[BlackElo "2470"]

1.d4 Nf6 2.c4 c6 3.Nf3 d5 4.Qb3 e6 5.g3 Be7 6.Bg2 O-O 7.O-O Nbd7 8.Nc3 a5
9.cxd5 exd5 10.Bf4 Re8 11.Rad1 Bb4 12.Rfe1 Ne4 13.a3 Bxc3 14.bxc3 a4 15.Qc2 Nb6
16.Nd2 Nxd2 17.Bxd2 Nc4 18.Bc1 Bg4 19.f3  1/2-1/2

[Event "Frankfurt"]
[Site "Frankfurt"]
[Date "1988.??.??"]
[Round "3"]
[White "Sinkovics, Peter"]
[Black "Zimmermann"]
[Result "1-0"]
[WhiteElo "2310"]
[BlackElo "2250"]

1.d4 d5 2.Nf3 Nf6 3.c4 c6 4.Qc2 g6 5.Bf4 Bg7 6.Nbd2 O-O 7.e3 Bf5 8.Qb3 Qb6
9.Be2 Nbd7 10.h3 Ne4 11.cxd5 Nxd2 12.Nxd2 cxd5 13.O-O Rfc8 14.Rfc1 Qxb3 15.Nxb3 e5
16.dxe5 Nxe5 17.Nd4 Rxc1+ 18.Rxc1 Nd3 19.Bxd3 Bxd3 20.Rc7 Bxd4 21.exd4 Bb1
22.a3 b6 23.Rd7 Ba2 24.Bh6 b5 25.b4 a6 26.g4 g5 27.h4 gxh4 28.Kg2 Bb1 29.Kh3 Be4
30.Kxh4 f5 31.f3 Bd3 32.gxf5 Bxf5 33.Rg7+ Kh8 34.Kg5 Be6 35.Kf6 Re8 36.Re7  1-0

[Event "Geneve-B"]
[Site "Geneve"]
[Date "1988.??.??"]
[Round "?"]
[White "Summermatter, Daniel"]
[Black "Arlandi, Ennio"]
[Result "1-0"]
[WhiteElo "2325"]
[BlackElo "2405"]

1.Nf3 Nf6 2.c4 c6 3.d4 d5 4.Qc2 g6 5.Bf4 Bf5 6.Qb3 Qb6 7.e3 Na6 8.Nc3 dxc4
9.Bxc4 Qxb3 10.Bxb3 Bg7 11.Ng5 O-O 12.e4 Bd7 13.e5 Ne8 14.O-O-O e6 15.h4 h6
16.Nge4 b6 17.Kb1 Nb4 18.Nf6+ Bxf6 19.exf6 Kh7 20.Be5 Bc8 21.a3 Nd5 22.Ne4 Bb7
23.Bc2 Kh8 24.Rh3 Rc8 25.f4 h5 26.Rg1 c5 27.dxc5 Rxc5 28.Nxc5 bxc5 29.g4 hxg4
30.Rxg4 Ndxf6 31.h5 Kg8 32.hxg6 fxg6 33.Rxg6+ Kf7 34.Rhh6 Ke7 35.Kc1 Bd5
36.Ba4 Rf7 37.Rh8 a6 38.Bxe8 Nxe8 39.Rgg8 Bc6 40.Rg3 c4 41.Rgg8 Bb5 42.Kd2 Kd8
43.Kc3 Ke7 44.Kd4 Kd8 45.Rg7  1-0

[Event "Bundesliga 8788"]
[Site "Germany"]
[Date "1988.??.??"]
[Round "?"]
[White "Behrhorst, Frank"]
[Black "Federau, Juergen"]
[Result "1/2-1/2"]
[WhiteElo "2325"]
[BlackElo "2230"]

1.d4 d5 2.c4 c6 3.Nf3 Nf6 4.Qc2 e6 5.Bg5 Nbd7 6.cxd5 exd5 7.Nc3 Be7 8.e3 Nh5
9.Bxe7 Qxe7 10.Be2 Nhf6 11.Bd3 O-O 12.O-O c5 13.dxc5 Nxc5 14.Rac1 Nxd3 15.Qxd3 Be6
16.Rc2 a6 17.Rfc1 Qd7 18.Nd4 Rac8 19.b3 h6 20.Na4 Rxc2 21.Rxc2 Ne4 22.Nc5 Nxc5
23.Rxc5 Rc8 24.Qc3 Rxc5 25.Qxc5 Bf5 26.a4 Bd3 27.Qc3 Be4 28.Kf1 Kh7 29.f3 Bg6
30.Qc5 Qe8 31.Ke2 Qd8 32.g3 Qd7 33.g4 Qd8 34.Kd2 Qh4 35.Qxd5 Qxh2+ 36.Ne2 Qc7
37.e4 f6 38.f4 Bf7 39.Qd3 Kg8 40.Ke3 Qb6+ 41.Nd4 Qc5 42.Kf3 Qc1 43.Kg2  1/2-1/2

[Event "Lvov"]
[Site "Lvov"]
[Date "1988.??.??"]
[Round "?"]
[White "Petrosian, Arshak B"]
[Black "Piket, Jeroen"]
[Result "1/2-1/2"]
[WhiteElo "2480"]
[BlackElo "2470"]

1.d4 Nf6 2.Nf3 d5 3.c4 c6 4.Qb3 e6 5.g3 Nbd7 6.Bg2 Be7 7.O-O O-O 8.Nc3 a5
9.cxd5 exd5 10.Bf4 Re8 11.Rac1 Bb4 12.Rfe1 Ne4 13.Nd2 Nxd2 14.Bxd2 Nb6 15.a3 Bf8
16.Rcd1 Be6 17.Bc1 h5 18.Qc2  1/2-1/2

[Event "Malmo"]
[Site "Malmo"]
[Date "1988.??.??"]
[Round "?"]
[White "Berg, Klaus"]
[Black "Hector, Jonny"]
[Result "1-0"]
[WhiteElo "2385"]
[BlackElo "2435"]

1.d4 d5 2.Nf3 Nf6 3.c4 c6 4.Qb3 e6 5.g3 Be7 6.Bg2 O-O 7.O-O Ne4 8.Nc3 Nd6
9.c5 Nf5 10.Rd1 b6 11.e4 Nh6 12.Bxh6 gxh6 13.Ne5 bxc5 14.exd5 Bf6 15.Nxc6 Nxc6
16.dxc6 cxd4 17.Nb5 Qb6 18.c7 Ba6 19.Bxa8 Bxb5 20.Rac1 Rxa8 21.Qf3 Rc8 22.Qxf6 d3
23.Qxh6 Ba6 24.Qg5+ Kh8 25.Rc5 Qxb2 26.Re5 Qb6 27.Qf6+ Kg8 28.Rg5+ Kf8 29.Rg7  1-0

[Event "Oslo"]
[Site "Oslo"]
[Date "1988.??.??"]
[Round "?"]
[White "Gausel, Einar"]
[Black "Westerinen, Heikki MJ"]
[Result "1-0"]
[WhiteElo "2360"]
[BlackElo "2395"]

1.Nf3 d5 2.d4 c6 3.c4 dxc4 4.e3 b5 5.a4 Bf5 6.axb5 Bxb1 7.b6 Qxb6 8.Rxb1 Qb3
9.Qxb3 cxb3 10.Bc4 e6 11.Bxb3 Nf6 12.O-O Bd6 13.Bc2 Nd5 14.Bd2 O-O 15.Rfc1 Rc8
16.e4 Nb6 17.Ra1 N8d7 18.e5 Be7 19.Be4 Nd5 20.Ra6 c5 21.g3 Rc7 22.Ra5 Rb8
23.Bxd5 exd5 24.Bf4 g5 25.Nxg5 Rxb2 26.e6 fxe6 27.Nxe6 Rc6 28.Nxc5 Nxc5 29.Rxa7 Bf8
30.dxc5 Rxc5 31.Rd1 Rcb5 32.Be3 Rb1 33.Rxb1 Rxb1+ 34.Kg2 Bg7 35.Rd7 Rb5 36.h4 h5
37.Kf3 Kf8 38.Ba7 Bc3 39.Rc7 Bb2 40.Rc5 Rb7 41.Rc8+ Kf7 42.Rb8 Rxb8 43.Bxb8 Bd4
44.Kg2 Kg6 45.f3 Kf5 46.Kf1 Bc5 47.Ke2 Bb6 48.Kd3 Bc5 49.Bf4 Bf2 50.Ke2 Bc5
51.Be3 Bd6 52.Bf2 Bc7 53.Kd2 Be5 54.Kd3 Bc7 55.Kc3 Ba5+ 56.Kb3 Bc7 57.Ka4 Bd6
58.Kb5 Bb8 59.Be1 Ba7 60.Bd2 Bb8 61.Be1 Ba7 62.Kb4 Bb6 63.Kb3 Bd4 64.Kc2 Bb6
65.Kd1 Bc5 66.Ke2 Bd4 67.Bd2 Be5 68.Kf2 Bd6 69.Kg2 d4 70.Kh3 d3 71.g4+ Kg6
72.f4 Bc5 73.Kg3 Bd4 74.Kf3 hxg4+ 75.Kxg4 Kf6 76.h5 Bb2 77.f5 Be5 78.Bg5+ Kf7
79.Kf3 Bd4 80.Ke4 Bf6 81.Bd2  1-0

[Event "Paris-ch"]
[Site "Paris"]
[Date "1988.??.??"]
[Round "6"]
[White "Hebden, Mark"]
[Black "Birmingham, Eric"]
[Result "0-1"]
[WhiteElo "2475"]
[BlackElo "2300"]

1.d4 Nf6 2.Nf3 d5 3.c4 c6 4.g3 Bf5 5.Bg2 e6 6.O-O h6 7.Nc3 Nbd7 8.Nd2 Be7
9.e4 dxe4 10.Ndxe4 O-O 11.Bf4 Nxe4 12.Nxe4 Nf6 13.Nc5 Bxc5 14.dxc5 Bd3 15.Qb3 Bxf1
16.Rxf1 Qc8 17.Qc3 Nd7 18.Bd6 Re8 19.f4 Qd8 20.b4 Qf6 21.Qd2 Rac8 22.g4 Qh4
23.h3 e5 24.f5 e4 25.Qe3 b6 26.f6 Nxf6 27.Bg3 Qg5 28.Bf4 Qg6 29.cxb6 axb6
30.Qxb6 c5 31.Re1 cxb4 32.Qxb4 Nd7 33.Bd6 f5 34.gxf5 Qxf5 35.Qb5 Qe6 36.c5 Nxc5
37.Bxc5 Qd5 38.Rc1 Re5 39.Qa4 Rxc5 40.Rd1 Qc6 41.Rd8+ Kh7 42.Qd4 Qg6  0-1

[Event "Rubinstein mem"]
[Site "Polanica Zdroj"]
[Date "1988.??.??"]
[Round "1"]
[White "Petrosian, Arshak B"]
[Black "Chernin, Alexander"]
[Result "0-1"]
[WhiteElo "2460"]
[BlackElo "2565"]

1.d4 d5 2.c4 c6 3.Nf3 Nf6 4.Qb3 dxc4 5.Qxc4 Bf5 6.Nc3 e6 7.g3 Nbd7 8.Bg2 Be7
9.O-O O-O 10.Bg5 h6 11.Bxf6 Bxf6 12.Rac1 e5 13.Rfd1 Qe7 14.e3 Rfd8 15.Qb3 Rab8
16.Qa4 a6 17.Qa5 Bg6 18.h3 exd4 19.exd4 Qd6 20.d5 Bxc3 21.bxc3 c5 22.c4 b5
23.Re1 Bd3 24.Nd2 Nb6 25.Qxa6 bxc4 26.Ne4 Qc7 27.Nc3 Qc8 28.Qxc8 Nxc8 29.a4 Kf8
30.Ra1 Rb3 31.Rec1 Nd6 32.a5 Ra8 33.Bf1 Ke7 34.a6 Rb6 35.Ra5 Rbxa6 36.Rxc5 Ra1
37.Rd1 Ne4 38.Rc7+ Kd8 39.Rxa1 Rxa1 40.Rxf7 Rxf1+ 41.Kg2 Nxc3  0-1

[Event "Riga"]
[Site "Riga"]
[Date "1988.??.??"]
[Round "?"]
[White "Vyzmanavin, Alexey"]
[Black "Savchenko, Stanislav"]
[Result "1-0"]
[WhiteElo "2565"]
[BlackElo "2480"]

1.d4 d5 2.c4 c6 3.Nf3 Nf6 4.Qc2 Bg4 5.Ne5 Bh5 6.cxd5 Nxd5 7.a3 Nb6 8.e3 e6
9.g4 Bg6 10.Nxg6 hxg6 11.Bg2 N8d7 12.Nc3 e5 13.Bd2 exd4 14.exd4 Qe7+ 15.Kf1 Qd6
16.Re1+ Kd8 17.Qe4 Nf6 18.Qf3 Be7 19.g5 Nh5 20.d5 Kc7 21.Nb5+  1-0

[Event "Thessaloniki ol (Men)"]
[Site "Thessaloniki"]
[Date "1988.??.??"]
[Round "11"]
[White "Gausel, Einar"]
[Black "Haba, Petr"]
[Result "0-1"]
[WhiteElo "2410"]
[BlackElo "2470"]

1.d4 Nf6 2.Nf3 d5 3.c4 c6 4.Qc2 dxc4 5.Qxc4 Bf5 6.Nc3 Nbd7 7.g3 e6 8.Bg2 Be7
9.O-O O-O 10.Bg5 Ne4 11.Bxe7 Qxe7 12.Rac1 Rfe8 13.Rfd1 Nxc3 14.Qxc3 Be4 15.a3 Red8
16.Qa5 Nf6 17.e3 Rd5 18.Qa4 Nd7 19.Rd2 Nb6 20.Qd1 Rad8 21.Ne5 Bxg2 22.Kxg2 f6
23.Nf3 Qf7 24.Qe2 R5d7 25.b4 a6 26.Rdc2 Qg6 27.Rc5 Qe4 28.h3 Rxd4 29.Kg1 Rd3
30.R5c3 Rxc3 31.Rxc3 Qd5 32.Kg2 e5 33.e4 Qd7 34.a4 Qe6 35.a5 Nc8 36.Rd3 Rxd3
37.Qxd3 Nd6 38.Nd2 Kf7 39.Qc3 Nb5 40.Qd3 Nd4 41.Nc4 Ke7 42.h4 h5 43.f4 g6
44.fxe5 fxe5 45.Kg1 Qf6 46.Kg2 Qe6 47.Kg1 Ke8 48.Kg2 Qf6 49.Qe3 Ke7 50.Kg1 Ke6
51.Kg2 Qf8 52.Qc3 Qe7 53.Qd2 Qf7 54.Qe3 Qf6 55.Nb6 Ke7 56.Nc4 Kf7 57.Kg1 Qe6
58.Qd3 Kf6 59.Kg2 Kg7 60.Qc3 Kf6 61.Qd3 Kg7 62.Qc3 Qf6 63.Nd2 g5 64.hxg5 Qxg5
65.Nb3 Nxb3 66.Qxb3 Qd2+ 67.Kf3 Kf6 68.Qg8 Qc3+ 69.Kf2 Qxb4 70.Qh8+ Ke6 71.Qh6+ Kd7
72.Qh7+ Kd6 73.Qh6+ Kc5 74.Qxh5 Qd4+ 75.Kf1 Qxe4 76.Qg5 Kd4 77.Qg7 c5 78.g4  0-1

[Event "SVK-ch"]
[Site "Trnava"]
[Date "1988.??.??"]
[Round "1"]
[White "Tibensky, Robert"]
[Black "Petran, Peter"]
[Result "1/2-1/2"]
[WhiteElo "2400"]
[BlackElo "2335"]

1.Nf3 d5 2.d4 c6 3.c4 Nf6 4.Qc2 g6 5.e3 Bf5 6.Bd3 Bxd3 7.Qxd3 e6 8.Nc3 Nbd7
9.O-O Bg7 10.b3 O-O 11.Bb2 a6  1/2-1/2

[Event "Tirnavia-C"]
[Site "Trnava"]
[Date "1988.??.??"]
[Round "6"]
[White "Raicevic, Momcilo"]
[Black "Duriga, Stefan"]
[Result "1/2-1/2"]
[WhiteElo "2365"]
[BlackElo "2310"]

1.c4 Nf6 2.Nf3 c6 3.d4 d5 4.Qb3 e6 5.g3 Nbd7 6.Bg2 Bd6 7.Nc3 O-O 8.O-O a6
9.Re1 b5 10.c5 Bc7 11.a4 Rb8 12.axb5 axb5 13.Bf4 b4 14.Bxc7 Qxc7 15.Na4 Ne4
16.Qd3 Ra8 17.Nd2 Ba6 18.Qc2 f5 19.f3 Nef6 20.e4 e5 21.dxe5 Qxe5 22.exf5 Qd4+
23.Kh1 Bd3 24.Qc1 Bxf5 25.Nb3 Qd3 26.Re3 Qc2 27.Nd4 Qxc1+ 28.Rxc1 Rxa4 29.Nxf5 Rfa8
30.Ne7+ Kf8 31.Nxc6 Nxc5 32.Bf1 Ra1 33.Ree1 Rxc1 34.Rxc1 Nb3 35.Rd1 Ra2 36.Nxb4 Rxb2
37.Nxd5 Rd2 38.Rxd2 Nxd2 39.Nxf6 gxf6 40.Kg2 Nb3 41.Kf2 Nc5 42.Ke3 Nb7 43.Kd4 Nd6
44.Kd5 Ke7 45.Bc4 h6 46.Bb3 Kd7 47.g4 Ke7 48.h4 Nf7 49.Kd4 Nd6 50.h5 Ne8
51.Ke4 Nd6+ 52.Kf4 Kf8 53.Bd5 Kg7 54.Ke3 f5 55.Kf4 Kf6 56.Bb3 fxg4 57.fxg4 Ne8  1/2-1/2

[Event "URS-ch otbor56"]
[Site "Uzhgorod"]
[Date "1988.??.??"]
[Round "?"]
[White "Palatnik, Semon"]
[Black "Shabanov, Yuri"]
[Result "1/2-1/2"]
[WhiteElo "2500"]
[BlackElo "2395"]

1.d4 d5 2.c4 c6 3.Nf3 Nf6 4.Qc2 Bg4 5.Ne5 Bh5 6.Qb3 Qb6 7.Nc3 e6 8.c5 Qxb3
9.axb3 Nbd7 10.Bf4 Nxe5 11.Bxe5 Nd7 12.Bg3 e5 13.e3 Be7 14.Be2 Bxe2 15.Kxe2 O-O
16.b4 Bf6 17.dxe5  1/2-1/2

[Event "Vilnius"]
[Site "Vilnius"]
[Date "1988.??.??"]
[Round "?"]
[White "Krasenkow, Michal"]
[Black "Dokhoian, Yury"]
[Result "1-0"]
[WhiteElo "2460"]
[BlackElo "2515"]

1.d4 d5 2.c4 c6 3.Nf3 Nf6 4.g3 e6 5.Bg2 Be7 6.Nbd2 O-O 7.Qc2 b6 8.O-O Bb7
9.e4 Na6 10.b3 Rc8 11.Bb2 Nb4 12.Qb1 a5 13.a3 Na6 14.Re1 Rc7 15.Qc2 Qa8 16.Rad1 Rd8
17.Qb1 h6 18.Ne5 Bf8 19.h4 c5 20.exd5 exd5 21.Qf5 dxc4 22.Bxb7 Qxb7 23.Ndxc4 Re7
24.dxc5 Rxd1 25.Rxd1 Nxc5 26.Nd6 Qc7 27.g4 Nh7 28.b4 axb4 29.axb4 Na4 30.Ba1 Nc3
31.Bxc3 Qxc3 32.Ndxf7 Qb3 33.Rd3 Qxb4 34.Kg2 Qa4 35.Qg6 Qf4 36.Rf3 Qd2 37.g5 hxg5
38.Nh6+ Kh8 39.Nef7+ Rxf7 40.Nxf7+ Kg8 41.Qe6 Nf6 42.Nxg5+ Kh8 43.Rxf6 gxf6
44.Qxf6+ Bg7 45.Qf5  1-0

[Event "Nordic-tt"]
[Site "Aabybro"]
[Date "1989.??.??"]
[Round "?"]
[White "Fries Nielsen, Jens Ove"]
[Black "Hertneck, Gerald"]
[Result "0-1"]
[WhiteElo "2425"]
[BlackElo "2475"]

1.Nf3 d5 2.d4 Nf6 3.c4 c6 4.Qc2 g6 5.g3 Bg7 6.Bg2 O-O 7.O-O Na6 8.a3 Bf5
9.Qb3 Qb6 10.Qxb6 axb6 11.cxd5 Nxd5 12.Nc3 Nxc3 13.bxc3 Nc7 14.Re1 Nb5 15.Bb2 Ra4
16.e4 Bg4 17.Nd2 Rfa8 18.Nb1 e5 19.d5 Bf8 20.h3 Bd7 21.c4 Rxc4 22.Bxe5 Re8
23.Nd2 Rc2 24.Nf3 Nxa3 25.Bd4 b5 26.dxc6 bxc6 27.e5 Rc4 28.Bf1 Ra4 29.Rac1 Be6
30.Ba1 Bd5 31.Nd4 Nc4 32.Bxc4 Rxc4 33.Rxc4 bxc4 34.Bc3 Bc5 35.Kh2 f6 36.f4 fxe5
37.fxe5 Rf8 38.g4 Rf4 39.Rd1 Re4 40.Ba1 Rxe5  0-1

[Event "OHRA-A"]
[Site "Amsterdam"]
[Date "1989.??.??"]
[Round "?"]
[White "Gulko, Boris F"]
[Black "Van der Wiel, John TH"]
[Result "1/2-1/2"]
[WhiteElo "2610"]
[BlackElo "2545"]

1.d4 d5 2.c4 c6 3.Nf3 Nf6 4.Qc2 g6 5.Bf4 Qa5+ 6.Nbd2 dxc4 7.Qxc4 Bg7 8.e3 Be6
9.Qc1 Nbd7 10.Be2 Nh5 11.Bg3  1/2-1/2

[Event "FRG-ch"]
[Site "Bad Neuenahr"]
[Date "1989.??.??"]
[Round "?"]
[White "Keitlinghaus, Ludger"]
[Black "Wegner, Hannu"]
[Result "1-0"]
[WhiteElo "2410"]
[BlackElo "2350"]

1.c4 Nf6 2.Nf3 c6 3.d4 d5 4.Qc2 dxc4 5.Qxc4 Bf5 6.g3 e6 7.Bg2 Nbd7 8.O-O Be7
9.Nc3 O-O 10.e3 Ne4 11.Nd2 Nxd2 12.Bxd2 e5 13.e4 Nb6 14.Qb3 exd4 15.exf5 dxc3
16.Bxc3 Qd3 17.Rfe1 Rfe8 18.Re4 Qd7 19.Rg4 Bf8 20.Bh3 Qd6 21.Rd1 Qh6 22.Rh4 Qg5
23.f6 g6 24.Rxh7 Kxh7 25.Qxf7+ Kh8 26.Rd4 Bh6 27.Rh4 Qc1+ 28.Kg2 Rg8 29.Be6  1-0

[Event "Chianciano tt"]
[Site "Chianciano"]
[Date "1989.??.??"]
[Round "?"]
[White "Sarno, Spartaco"]
[Black "Palatnik, Semon"]
[Result "1/2-1/2"]
[WhiteElo "2270"]
[BlackElo "2470"]

1.d4 d5 2.c4 c6 3.Nf3 Nf6 4.Qc2 dxc4 5.Qxc4 Bf5 6.Bf4 Qb6 7.Qc1 e6 8.a3 Be7
9.e3 a5 10.Nbd2 h6 11.Nc4 Qd8 12.Be2 O-O 13.O-O a4 14.Rd1 Nd5 15.Bg3 Nb6
16.Nfe5 Nxc4 17.Bxc4 Nd7 18.Nxd7 Qxd7 19.f3 Bd6 20.Bxd6 Qxd6 21.e4 Bg6 22.Qe3 Rfd8
23.Rac1 Rd7  1/2-1/2

[Event "Copenhagen Obro op"]
[Site "Copenhagen"]
[Date "1989.??.??"]
[Round "4"]
[White "Pieniazek, Artur"]
[Black "Nizynski, Maciej"]
[Result "0-1"]
[WhiteElo "2345"]
[BlackElo "2270"]

1.d4 d5 2.c4 c6 3.Nf3 Nf6 4.Qc2 g6 5.Bf4 Bf5 6.Qb3 Qb6 7.c5 Qxb3 8.axb3 Bxb1
9.Rxb1 Nbd7 10.e3 Bg7 11.h3 Ne4 12.b4 a6 13.Ra1 O-O 14.Bd3 Rfe8 15.Ke2 e5
16.dxe5 Nxe5 17.Bxe4 dxe4 18.Nxe5 Bxe5 19.Bxe5 Rxe5 20.Rhd1 Kf8 21.Rd4 Rae8
22.Rc1 f5 23.Kd2 Ke7 24.Kc3 Rd8 25.Rcd1 Rxd4 26.Rxd4 Re6 27.Kb3 Ke8 28.Ka4 Re7
29.Kb3 Rd7 30.Kc4 Ke7 31.h4 Rxd4+ 32.Kxd4 Kf6 33.g4 h6 34.gxf5 Kxf5 35.Kc3 Kg4
36.Kd4 Kf3 37.Ke5 g5 38.hxg5 hxg5 39.Kf5 g4 40.Kg5 Kxf2  0-1

[Event "URS-sf"]
[Site "Daugavpils"]
[Date "1989.??.??"]
[Round "?"]
[White "Epishin, Vladimir"]
[Black "Kupreichik, Viktor D"]
[Result "0-1"]
[WhiteElo "2460"]
[BlackElo "2520"]

1.d4 d5 2.c4 c6 3.Nf3 Nf6 4.Qc2 g6 5.Bf4 Na6 6.e3 Bf5 7.Qb3 Nb4 8.Qxb4 e5
9.c5 exf4 10.exf4 b6 11.Ne5 bxc5 12.Qb7 Bd7 13.Nxd7 Nxd7 14.Qxc6 Rc8 15.Qxd5 cxd4
16.Bb5 Bb4+ 17.Ke2 O-O 18.Rd1 Qh4 19.Kf1 Qxh2 20.Nd2 Nf6 21.Qg5 Bxd2 22.Qxf6 Rc2
23.Ke2 Bxf4+ 24.Kd3 Rxf2 25.Bc6 Qg3+ 26.Bf3 Rxf3+  0-1

[Event "Investronica"]
[Site "ESP"]
[Date "1989.??.??"]
[Round "?"]
[White "Brito, Alfredo"]
[Black "Lezcano Montalvo, Pedro"]
[Result "1-0"]
[WhiteElo "2360"]
[BlackElo "2250"]

1.Nf3 Nf6 2.c4 c6 3.g3 d5 4.d4 Bf5 5.Bg2 e6 6.O-O Bd6 7.Nc3 Nbd7 8.Qb3 Qb6
9.Bf4 Bxf4 10.gxf4 Qxb3 11.axb3 Ne4 12.Ra5 Nxc3 13.bxc3 Be4 14.Rfa1 a6 15.Nd2 Bxg2
16.Kxg2 Rc8 17.f3 Nb6 18.e4 f6 19.c5 Na8 20.f5 exf5 21.exd5 cxd5 22.c4 Rd8
23.R5a4 Nc7 24.Rb4 dxc4 25.Rxb7 c3 26.Nc4 Nb5 27.Rxa6 c2 28.Ra1 Nxd4 29.Nd6+ Kf8
30.Kf2 f4 31.Rc1 g5 32.Rb4 Nc6 33.Re4 Kg7 34.b4 Kg6 35.Rxc2 Ne5 36.Rd2 h5
37.b5 Rh7 38.b6 Re7 39.Rd5 Nc6 40.Rxe7 Nxe7 41.Rd2 f5 42.b7 g4 43.Re2 Nd5
44.Re8  1-0

[Event "ESP-ch"]
[Site "ESP"]
[Date "1989.??.??"]
[Round "4"]
[White "Acebal, Antonio"]
[Black "Gil Reguera, Juan Carlos"]
[Result "1-0"]
[WhiteElo "2295"]
[BlackElo "2405"]

1.Nf3 d5 2.d4 c6 3.c4 dxc4 4.a4 b5 5.axb5 cxb5 6.e3 Qb6 7.b3 cxb3 8.Qxb3 b4
9.Qd5 Bb7 10.Bb5+ Bc6 11.Ne5 Bxb5 12.Qxf7+ Kd8 13.Qxf8+ Kc7 14.Qxg7 Qf6 15.Qg3 Kb7
16.Nd2  1-0

[Event "Forli op"]
[Site "Forli"]
[Date "1989.??.??"]
[Round "3"]
[White "Nikolic, Stanimir"]
[Black "Beulen, Marcel"]
[Result "0-1"]
[WhiteElo "2320"]
[BlackElo "2225"]

1.d4 d5 2.Nf3 Nf6 3.c4 c6 4.Qc2 dxc4 5.Qxc4 Bf5 6.Nc3 Nbd7 7.Bg5 h6 8.Bf4 e6
9.g3 Qb6 10.Bc1 Qb4 11.Qxb4 Bxb4 12.a3 Ba5 13.Nd2 e5 14.dxe5 Nxe5 15.b4 Bb6
16.h3 O-O-O 17.f4 Ng6 18.Na4 Be3 19.Nf3 Rhe8 20.Bxe3 Rxe3 21.Kf2 Rb3 22.Nc5 Rb2
23.Rc1 Bc2 24.Ne1 Ne4+ 25.Nxe4 Bxe4 26.Rg1 Ne7 27.Rc4 Bd5 28.Rc3 Be4 29.g4 Nd5
30.Rc4 Re8 31.f5 Rb3 32.b5 Rxb5 33.Rg3 Nb6 34.Rd4 Rbe5 35.Rc3 Kc7 36.Kg3 f6
37.Kh4 Rd8 38.Rxd8 Kxd8 39.Kh5 Ke7 40.Kg6 Kf8 41.Rb3 Bd5 42.Rd3 Kg8 43.Kh5 Kf7
44.Kh4 Ke7 45.Rc3 Nc4 46.Nd3 Re3 47.a4 Nd2 48.Rc1 Nxf1 49.Rxf1 Bg2  0-1

[Event "Dreszer op"]
[Site "Gdynia"]
[Date "1989.??.??"]
[Round "3"]
[White "Matlak, Marek"]
[Black "Cichocki, Adam"]
[Result "1-0"]
[WhiteElo "2420"]
[BlackElo "2320"]

1.Nf3 Nf6 2.c4 c6 3.d4 d5 4.Qc2 g6 5.Bf4 Bg7 6.e3 O-O 7.Nc3 Be6 8.cxd5 cxd5
9.Qb3 Qb6 10.Qxb6 axb6 11.Bb5 Nc6 12.Ke2 Rfc8 13.h3 Ne4 14.Rac1 Ra5 15.a4 Na7
16.Nxe4 dxe4 17.Rxc8+ Bxc8 18.b4 exf3+ 19.Kxf3 Ra6 20.Rc1 Be6 21.Bxa6 bxa6
22.Rc7 Nc8 23.Ke2 g5 24.Bh2 Nd6 25.Rxe7 Nc4 26.Re8+ Bf8 27.Kd3 Kg7 28.Rxe6 Nb2+
29.Kc2 fxe6 30.Kxb2 Bxb4 31.Kb3 Be1 32.f3 b5 33.axb5 axb5 34.e4 Kf6 35.Bd6 Kg6
36.g4 Ba5 37.Be7 h6 38.Bf8 Bb6 39.Kc3 Ba5+ 40.Bb4 Bb6 41.Bf8 Ba5+ 42.Kd3 Bd8
43.Bd6 Bf6 44.f4 gxf4 45.Bxf4 Be7 46.d5 exd5 47.exd5 h5 48.gxh5+ Kxh5 49.Bg3 Kg5
50.d6 Bf6 51.d7 Kh5 52.Kc2 Kg5 53.Kb3 Be7 54.Kc3 Kh5 55.Kd4 Kg5 56.Kd5 Kh5
57.Be1 Kg5 58.Kc6 Kf5 59.Kxb5 Ke6 60.Kc6 Bd8 61.Bg3  1-0

[Event "BL2-S8889"]
[Site "Germany"]
[Date "1989.??.??"]
[Round "?"]
[White "Gross, Stefan"]
[Black "Ramos, Domingo"]
[Result "1-0"]
[WhiteElo "2425"]
[BlackElo "2355"]

1.c4 Nf6 2.Nf3 c6 3.d4 d5 4.Qc2 Nbd7 5.Bf4 e6 6.e3 Be7 7.Nc3 Nh5 8.Be5 Nxe5
9.Nxe5 Nf6 10.Bd3 dxc4 11.Bxc4 Bd7 12.O-O O-O 13.Rad1 Qc7 14.f4 c5 15.Nxd7 Nxd7
16.d5 exd5 17.Nxd5 Qd8 18.Qf5 Nb6 19.Nf6+ Bxf6 20.Rxd8 Rfxd8 21.Bd3 h6 22.b3 Rd6
23.Be4 Re8 24.Qxc5 Rd2 25.Qa5 Rb2 26.Qxa7 Rxe4 27.Qxb6 Rxa2 28.h3 Rd2 29.Rf3 Rd7
30.Qc5 Ree7 31.Kh2 Rc7 32.Qf5 Rc6 33.e4 Bd4 34.e5 Rg6 35.Rd3  1-0

[Event "NLD-ch"]
[Site "Hilversum"]
[Date "1989.??.??"]
[Round "11"]
[White "Brenninkmeijer, Joris"]
[Black "Kuijf, Marinus"]
[Result "1-0"]
[WhiteElo "2415"]
[BlackElo "2485"]

1.d4 d5 2.c4 c6 3.Nf3 Nf6 4.Qb3 e6 5.g3 a6 6.Bg2 b5 7.c5 a5 8.O-O Be7 9.Nbd2 Nbd7
10.Qc2 Ra6 11.e4 Nxe4 12.Nxe4 dxe4 13.Qxe4 O-O 14.Re1 Nf6 15.Qc2 Nd5 16.h4 Bd7
17.Bg5 f6 18.Bd2 Qe8 19.Bh3 Bd8 20.Qe4 Rf7 21.Bxe6 Bxe6 22.Qxe6 Qxe6 23.Rxe6 Re7
24.Rxe7 Bxe7 25.a4 b4 26.Be1 h5 27.Nd2 Bd8 28.Nc4 Ra7 29.f3 Re7 30.Kf2 Bc7
31.Bd2 Kf7 32.Rg1 Re8 33.Rd1 Re7 34.Bc1 Re6 35.Rg1 Re8 36.Rh1 Re6 37.Rd1 Re7
38.Bd2 Re8 39.Be1 Re7 40.Bd2 Re8 41.Bf4 Nxf4 42.gxf4 Rd8 43.f5 g6 44.fxg6+ Kxg6
45.Ke3 Kf5 46.Rg1 Re8+ 47.Kd3 Re7 48.Rg8 Kf4 49.Rf8 Kf5 50.Ra8 Kf4 51.Nxa5 Bxa5
52.Rxa5 Kxf3 53.Ra6 Rc7 54.d5 cxd5 55.Rxf6+ Kg4 56.Kd4 Kxh4 57.Rg6 Kh3 58.c6 Ra7
59.b3 h4 60.Kxd5 Kh2 61.Kc5 h3 62.Kb6  1-0

[Event "Kecskemet"]
[Site "Kecskemet"]
[Date "1989.??.??"]
[Round "?"]
[White "Romanishin, Oleg M"]
[Black "Huzman, Alexander"]
[Result "1/2-1/2"]
[WhiteElo "2515"]
[BlackElo "2475"]

1.d4 d5 2.c4 c6 3.Nf3 Nf6 4.Qb3 e6 5.g3 Nbd7 6.Bg2 Be7 7.O-O O-O 8.Nc3 Nb6
9.c5 Nbd7 10.Bg5 b6 11.cxb6 axb6 12.Rfd1 c5 13.Bxf6 Nxf6 14.e4 c4 15.Qc2 Bb7
16.exd5 Nxd5 17.Ne5 Nxc3 18.Qxc3 Bxg2 19.Kxg2 Qd5+ 20.Qf3 b5 21.a3 Qxf3+
22.Kxf3 Rfc8 23.Rdc1 f6 24.Ng4 Bd8 25.Ne3 Bb6 26.Nc2 Rd8 27.Re1 Kf7 28.Re4 Ba5
29.Rb1 Rac8 30.Re2 Rd5 31.b3 Rc7 32.bxc4 bxc4 33.Re4 f5 34.Re2 Bc3 35.Rb6 Bxd4
36.Rbxe6 Bf6 37.Rb6 c3 38.Ne3 Ra5 39.Nc2 Bd4 40.Rb3 Be5  1/2-1/2

[Event "Leningrad2"]
[Site "Leningrad"]
[Date "1989.??.??"]
[Round "?"]
[White "Epishin, Vladimir"]
[Black "Sapis, Witalis"]
[Result "1-0"]
[WhiteElo "2460"]
[BlackElo "2385"]

1.d4 c6 2.c4 Nf6 3.Nf3 d5 4.Qc2 g6 5.Bf4 Bg7 6.e3 O-O 7.Nc3 Be6 8.Qb3 Qb6
9.c5 Qxb3 10.axb3 Nh5 11.Bg5 f6 12.Bh4 g5 13.Bg3 Nxg3 14.hxg3 Nd7 15.Bd3 h6
16.b4 a6 17.Nd2 Rac8 18.Kd1 Rc7 19.Kc2 Nb8 20.f4 Bg4 21.e4 e6 22.Rae1 f5
23.e5 gxf4 24.gxf4 Kf7 25.Nd1 Bxd1+ 26.Rxd1 Rg8 27.g4 fxg4 28.Rdg1 Bf8 29.Nf1 Ke8
30.Ng3 Rf7 31.Nh5 Be7 32.Rg2 Nd7 33.Rhg1 Nf8 34.Rxg4 Rxg4 35.Rxg4 Kd7 36.Rg8 Bh4
37.Be2 Ke7 38.Kd3 Nd7 39.Bg4 Be1 40.Rg6 Nf8 41.Rg8 Nd7 42.Bxe6 Kxe6 43.Ng7+ Rxg7
44.Rxg7 Nf8 45.f5+ Kxf5 46.Rf7+ Ke6 47.Rxf8 h5 48.Rf6+ Ke7 49.Rh6 h4 50.Ke2  1-0

[Event "Lugano op"]
[Site "Lugano"]
[Date "1989.??.??"]
[Round "7"]
[White "Spiridonov, Nikola"]
[Black "Zak, Uriel"]
[Result "0-1"]
[WhiteElo "2390"]
[BlackElo "2335"]

1.Nf3 Nf6 2.c4 c6 3.d4 d5 4.Qc2 dxc4 5.Qxc4 Be6 6.Qc2 g6 7.e4 Bg7 8.Be2 Na6
9.a3 O-O 10.O-O Qb6 11.b4 Nc7 12.Nc3 Nb5 13.Bb2 Nxc3 14.Bxc3 Kh8 15.Qb2 Rad8
16.b5 Qc7 17.bxc6 Nxe4 18.Bb5 a6 19.Ba4 Bg4 20.Ba5  0-1

[Event "Lyngby op"]
[Site "Lyngby"]
[Date "1989.??.??"]
[Round "8"]
[White "Hamann, Svend"]
[Black "Bang, Andreas"]
[Result "1-0"]
[WhiteElo "2395"]
[BlackElo "2315"]

1.d4 d5 2.c4 c6 3.Nf3 Nf6 4.Qb3 dxc4 5.Qxc4 Bf5 6.Nbd2 e6 7.g3 Nbd7 8.Bg2 Be7
9.O-O O-O 10.Re1 Ne4 11.Qb3 Qb6 12.Nc4 Qxb3 13.axb3 c5 14.Be3 Nb6 15.Nfe5 f6
16.Nd3 Nd5 17.Bxe4 Bxe4 18.Nxc5 Bxc5 19.dxc5 Bc2 20.Ra3 b5 21.Nd6 b4 22.Ra5 Ne7
23.Rea1 Bxb3 24.Rxa7 Bd5 25.f3 Nf5 26.Nxf5 exf5 27.Kf2 Rxa7 28.Rxa7 Rf7 29.Ra6 Rd7
30.Bf4 Kf7 31.c6 Re7 32.Rb6 b3 33.c7 Re8 34.Rb8 Be6 35.Rd8 Bc8 36.h4 Ba6
37.e3 Bc8 38.Ke2 h5 39.Kd3 Be6 40.Kd4 Ke7 41.Bd6+ Kf7 42.Kc5 g5 43.Kb6 g4
44.fxg4  1-0